| 000 | 00378 a2200157 4500 | ||
|---|---|---|---|
| 001 | 61273 | ||
| 020 | _a97783468499883 | ||
| 040 | _cAnchieta - Pituba | ||
| 100 | _aSanz, Carlos | ||
| 240 | 1 | 0 |
_aSpielend deutsch lernen _lpor |
| 245 | 1 | 0 | _aSpielend deutsch lernen |
| 300 | _a109 | ||
| 362 | 0 | _a1997 | |
| 650 | 4 | _aLínguas germânicas (teutônicas) língua alemã | |
| 942 | _cBK | ||
| 999 |
_c61273 _d61273 |
||